000 00420nam a2200157Ia 4500
008 241127s9999||||xx |||||||||||||| ||und||
020 _a9780073404868
_c526526
040 _beng
_cSSK Library
_erda
082 _a659.1/BEL
100 _a George E. Belch & Michael A. Belch -
245 0 _aAdvertising And Management
260 _b Mcgraw Hill
_c©2012
942 _22ddc
_cBOOK
_nNo
999 _c11350
_d11350
003 OSt
005 20241127152849.0